| 000 | 00834nam a2200301Ia 4500 | ||
|---|---|---|---|
| 001 | 71695 | ||
| 003 | IT-RoPAU | ||
| 008 | 130308s9999 xx 000 0 und d | ||
| 040 | _aIT-RoPAU | ||
| 040 | _cIT-RoPAU | ||
| 041 | _aFRANCESE | ||
| 100 | _aAutin Jean | ||
| 100 | _gCodice Aut. SPICS: 24928 | ||
| 245 | _aDefis audiovisuels (Les) | ||
| 245 | _bPouvoir des Medias (Le)-Melanges Offerts a Jean Cazeneuve | ||
| 250 | _a1a ed. | ||
| 260 | _aPARIS | ||
| 260 | _bPresses Universitaires France | ||
| 260 | _c1987 [1° Ed.:1987 - Ed.Ling.Originale:1987] | ||
| 300 | _a"14 p. (prefazione: no ; testo: 14 [pagine: 119-132])" | ||
| 500 | _aSfide Audiovisive | ||
| 650 | _aSOCIOLOGIA DELLA COMUNICAZIONE SOCIALE | ||
| 650 | _eCodice materia Spics: 3806 | ||
| 942 | _cBK | ||
| 957 | _71 | ||
| 999 |
_c44264 _d44264 |
||
| 999 | _bSI | ||
| 999 | _g1 | ||